LDS Prophets - Statistics

General Stats
  • This quiz has been taken 41 times
  • The average score is 14 of 18
Answer Stats
Hint Answer % Correct
1970-1972 Joseph Fielding Smith
100%
1901-1918 Joseph F. Smith
100%
1830-1844 Joseph Smith Jr.
100%
1847-1877 Brigham Young
94%
2018-2025 Russell M. Nelson
91%
2025-present Dallin H. Oaks
88%
2008-2018 Thomas S. Monson
88%
1945-1951 George Albert Smith
75%
1995-2008 Gordon B. Hinckley
72%
1985-1994 Ezra Taft Benson
69%
1973-1985 Spencer W. Kimball
69%
1918-1945 Heber J. Grant
66%
1994-1995 Howard W. Hunter
66%
1889-1898 Wilford Woodruff
66%
1951-1970 David. O McKay
63%
1880-1887 John Taylor
63%
1898-1901 Lorenzo Snow
63%
1972-1973 Harold B. Lee
44%
No matching quizzes found
Score Distribution
Percent of People with Each Score
Percentile by Number Answered
Your Score History
You have not taken this quiz